| 000 | 00368nam a2200157Ia 4500 | ||
|---|---|---|---|
| 008 | 230917s9999||||xx |||||||||||||| ||und|| | ||
| 040 |
_e101515 _aMAIN |
||
| 041 | _aEnglish | ||
| 082 | _a005.133 P272E | ||
| 100 | _aPatel, R B | ||
| 245 | 0 | _aExpert data structures with C | |
| 250 | _a2nd ed. | ||
| 260 |
_aDelhi _bKhanna _c2004 |
||
| 300 | _a909 p. | ||
| 942 | _cBK | ||
| 999 |
_c110953 _d110953 |
||